000 00785 a2200229 4500
001 47527
005 20260407155742.0
008 260407a1992 arg spa d
003 AR-UNSa-BCEJYS
040 _aAR-UNSa-BCEJYS
_bspa
_cAR-UNSa-BCEJYS
080 _a94(82)
_xHistoria de Argentina
245 1 0 _aFracturas y continuidades
_pen la historia argentina
020 _a950-07-0789-6
264 1 _aBuenos Aires :
_bSudamericana
_c1992
300 _a345 p.
_c23 cm.
505 _a1. Crónicas e imágenes - 2. Análisis y reflexiones - 3. Mirajes y perspectivas.
041 _aspa
942 _cBK
590 _aniveau_biblio:m niveau_hierar:0
100 1 _aLuna, Félix
856 4 1 _uhttps://www.biblioeco.unsa.edu.ar/pmb/images/libros/L127597.jpg
_yImagen de portada
_qimage/jpeg
999 _c4408
_d4408